|
|
|
|
| LEADER |
00000nam0a2200000 4500 |
| 001 |
159246 |
| 005 |
20231031155001.0 |
| 035 |
|
|
|a (RuTPU)RU\TPU\book\172709
|
| 090 |
|
|
|a 159246
|
| 100 |
|
|
|a 20090507d1964 k y0rusy50 ca
|
| 101 |
0 |
|
|a rus
|
| 102 |
|
|
|a RU
|
| 105 |
|
|
|a a z 101zy
|
| 200 |
1 |
|
|a Материалы четвертого совещания по подземным водам Сибири и Дальнего Востока
|f под ред. Е. В. Пиннекера
|
| 210 |
|
|
|a Иркутск
|c [Б. и.]
|d 1964
|
| 215 |
|
|
|a 197 с.
|c ил.
|
| 610 |
1 |
|
|a материалы докладов
|
| 610 |
1 |
|
|a совещания
|
| 610 |
1 |
|
|a подземные воды
|
| 610 |
1 |
|
|a Сибирь
|
| 610 |
1 |
|
|a Дальний Восток
|
| 610 |
1 |
|
|a полезные ископаемые
|
| 610 |
1 |
|
|a труды учёных ТПУ
|
| 675 |
|
|
|a 556.3
|v 3
|
| 702 |
|
1 |
|a Пиннекер
|b Е. В.
|4 340
|
| 801 |
|
1 |
|a RU
|b 63413507
|c 20090507
|g PSBO
|
| 801 |
|
2 |
|a RU
|b 63413507
|c 20221208
|g PSBO
|
| 942 |
|
|
|c BK
|